000 00535nam a2200181Ia 4500
008 151018s9999 xx 000 0 und d
082 _bRBASDV6428
_a891.463
100 _aदीनानाथ लाटे
245 _aगुलशन
250 _b1
260 _bयुवा प्रकाशन संस्था
_c1967
300 _a207
600 _aदीनानाथ लाटे
630 _aगुलशन
700 _aदीनानाथ लाटे
730 _aगुलशन
942 _cBOOK
999 _c1008803
_d1008800